000 00778cam a22002653a 4500
001 9547
003 PGUSA
005 20140828083213.0
008 051201s2005||||xxu|||||s|||||000 1 eng d
040 _aPGUSA
_beng
042 _adc
050 4 _aPS
100 1 _aStribling, T. S.
_q(Thomas Sigismund),
_d1881-1965
245 1 4 _aThe Cruise of the Dry Dock
_h[electronic resource] /
_cT. S. Stribling
260 _bProject Gutenberg,
_c2005
506 _aPublic domain in the USA.
516 _aElectronic text
653 _aSargasso Sea -- Fiction
653 _aWorld War, 1914-1918 -- Fiction
653 _aSailors -- Fiction
700 1 _aStoops, Herbert Morton
830 0 _aProject Gutenberg
_v9547
856 4 0 _uhttp://www.gutenberg.org/ebooks/9547
942 _cEB
999 _c238803
_d238803